[Event "Oberliga Wuerttemberg 1718"]
[Site "Wuerttemberg"]
[Date "2018.01.21"]
[Round "6"]
[White "Haecker, Alexander"]
[Black "Velicka, Petr"]
[Result "1-0"]
[WhiteElo "2231"]
[BlackElo "2412"]
[PlyCount "89"]
[EventDate "2017.09.17"]
[EventType "team-tourn"]
[EventRounds "9"]
[EventCountry "GER"]
[SourceTitle "EXT 2019"]
[Source "ChessBase"]
[SourceDate "2018.10.10"]
[SourceVersion "1"]
[SourceVersionDate "2018.10.10"]
[SourceQuality "1"]
[WhiteTeam "Stuttgart Wolfbusch"]
[BlackTeam "Schwaebisch Gmuend"]
[WhiteTeamCountry "GER"]
[BlackTeamCountry "GER"]

1. e4 c6 2. d4 d5 3. Nc3 dxe4 4. Nxe4 Bf5 5. Ng3 Bg6 6. h4 h6 7. Nf3 e6 8. h5 Bh7 9. Bd3 Bxd3 10. Qxd3 Nf6 11. Bd2 c5 12. Ne4 Nc6 13. Bc3 cxd4 14. Nxd4 Nxd4 15. Nxf6+ Qxf6 16. Qxd4 Qxd4 17. Bxd4 f6 18. 0-0-0 Bd6 19. Rd3 Ke7 20. Rhd1 Rhd8 21. Be3 b6 22. Kb1 Rac8 23. b3 Rc6 24. c4 Rdc8 25. Bc1 R8c7 26. Rxd6 Rxd6 27. Ba3 Rc5 28. Bxc5 bxc5 29. Rxd6 Kxd6 30. Kc2 Ke7 31. Kc3 Kf7 32. b4 g6 33. hxg6+ Kxg6 34. bxc5 Kf7 35. Kb4 Ke7 36. c6 Kd6 37. Kb5 h5 38. g3 e5 39. c7 Kxc7 40. Kc5 a5 41. Kd5 Kd7 42. a4 Ke7 43. Kc6 Ke6 44. c5 f5 45. Kb7 1-0

[Event "Oberliga Wuerttemberg 1718"]
[Site "Wuerttemberg"]
[Date "2017.10.22"]
[Round "3"]
[White "Kvetny, Mark"]
[Black "Haecker, Alexander"]
[Result "1-0"]
[WhiteElo "2403"]
[BlackElo "2231"]
[PlyCount "75"]
[EventDate "2017.09.17"]
[EventType "team-tourn"]
[EventRounds "9"]
[EventCountry "GER"]
[SourceTitle "EXT 2019"]
[Source "ChessBase"]
[SourceDate "2018.10.10"]
[SourceVersion "1"]
[SourceVersionDate "2018.10.10"]
[SourceQuality "1"]
[WhiteTeam "Stuttgart SF"]
[BlackTeam "Stuttgart Wolfbusch"]
[WhiteTeamCountry "GER"]
[BlackTeamCountry "GER"]

1. c4 Nf6 2. Nf3 e6 3. Nc3 d5 4. e3 Be7 5. b3 0-0 6. Bb2 b6 7. cxd5 Nxd5 8. Qc2 Nxc3 9. dxc3 Bb7 10. Bd3 h6 11. 0-0-0 Qc8 12. h4 Rd8 13. Bh7+ Kf8 14. Be4 Nd7 15. Bxb7 Qxb7 16. Qh7 Bf6 17. Rd2 Ke7 18. c4 Rh8 19. Qc2 Rad8 20. Rhd1 Qa8 21. e4 Bxb2+ 22. Qxb2 f6 23. e5 f5 24. Nd4 Nc5 25. f3 a5 26. Qc3 Na6 27. Nxf5+ exf5 28. e6 Rxd2 29. Qxg7+ Kd6 30. Qd7+ Ke5 31. Re1+ Kf4 32. Qxd2+ Kg3 33. Re3 Rg8 34. Qe1+ Kf4 35. e7 Nc5 36. e8Q Nd3+ 37. Rxd3 Rxe8 38. g3# 1-0

[Event "Stuttgart-chA int"]
[Site "Gerlingen"]
[Date "2011.06.04"]
[Round "6"]
[White "Haecker, Alexander"]
[Black "Arounopoulos, Stephan"]
[Result "1-0"]
[WhiteElo "2249"]
[BlackElo "2098"]
[PlyCount "123"]
[EventDate "2011.06.02"]
[EventType "swiss"]
[EventRounds "7"]
[EventCountry "GER"]
[SourceTitle "EXT 2018"]
[Source "ChessBase"]
[SourceDate "2017.10.13"]
[SourceVersion "1"]
[SourceVersionDate "2017.10.13"]
[SourceQuality "1"]

1. e4 e6 2. d4 d5 3. Nc3 Bb4 4. e5 c5 5. Bd2 cxd4 6. Nb5 Bxd2+ 7. Qxd2 Nc6 8. f4 Nge7 9. Nd6+ Kf8 10. Nf3 f6 11. Nb5 Qb6 12. 0-0-0 Nf5 13. Nbxd4 Nfxd4 14. Nxd4 Nxd4 15. Qxd4 Qxd4 16. Rxd4 fxe5 17. fxe5 Bd7 18. Bd3 Ke7 19. Rf1 Rhf8 20. Rdf4 h6 21. Kd2 Rxf4 22. Rxf4 Rf8 23. Rg4 Kf7 24. Ke3 Kg8 25. Kd4 b6 26. Ke3 Bc6 27. g3 Rc8 28. Rf4 Rd8 29. c3 Rd7 30. Rf1 Rf7 31. Ra1 Kf8 32. b4 Ke7 33. a4 Kd8 34. a5 Kc7 35. axb6+ Kxb6 36. Ra6+ Kb7 37. Ra2 Kb6 38. Ra5 Rf8 39. Ra6+ Kb7 40. Ra2 Kb6 41. Ra6+ Kb7 42. b5 d4+ 43. Kxd4 Rd8+ 44. Kc5 Rxd3 45. Rxc6 Rd5+ 46. Kb4 Rxe5 47. Rd6 Kc7 48. Rd2 Re1 49. c4 Rb1+ 50. Kc5 Re1 51. Ra2 Re5+ 52. Kd4 Rh5 53. Rxa7+ Kb6 54. Ra6+ Kc7 55. Ra2 Kb6 56. Re2 e5+ 57. Rxe5 Rxh2 58. Re6+ Ka5 59. Kc5 Rh5+ 60. Kd6 Rg5 61. Kc7 Rxg3 62. b6 1-0

[Event "Stuttgart op"]
[Site "Gerlingen"]
[Date "2011.06.03"]
[Round "4"]
[White "Haecker, Alexander"]
[Black "Ovsejevitsch, Sergei"]
[Result "0-1"]
[WhiteElo "2249"]
[BlackElo "2585"]
[PlyCount "98"]
[EventDate "2011.06.02"]
[EventType "swiss"]
[EventRounds "7"]
[EventCountry "GER"]
[SourceTitle "CBM 142 Extra"]
[Source "ChessBase"]
[SourceDate "2011.06.27"]
[SourceVersion "1"]
[SourceVersionDate "2011.06.27"]
[SourceQuality "1"]

1. e4 e5 2. Nf3 Nc6 3. Bb5 a6 4. Ba4 Nf6 5. 0-0 b5 6. Bb3 Bb7 7. d3 Be7 8. Nc3 d6 9. a3 0-0 10. Re1 Qd7 11. Nd5 Nxd5 12. Bxd5 Nd8 13. d4 exd4 14. Nxd4 Bf6 15. c3 Re8 16. Nf5 Bxd5 17. exd5 Nb7 18. Rxe8+ Rxe8 19. Ne3 Nc5 20. Bd2 Bg5 21. Qc2 Ne4 22. Re1 h5 23. Bc1 Nf6 24. Rd1 Re4 25. Nf1 Bxc1 26. Qxc1 h4 27. Rd4 Qe7 28. Ne3 h3 29. b3 hxg2 30. Rxe4 Nxe4 31. Qc2 Qe5 32. c4 bxc4 33. bxc4 Qf4 34. Qe2 g6 35. Kxg2 Nf6 36. Qf3 Qd4 37. Qh3 Kg7 38. Qc8 Qe4+ 39. Kg1 Qf3 40. Qb7 Ne4 41. Qb2+ Kh7 42. h4 Qh5 43. Kg2 Qxh4 44. Qe2 Qg5+ 45. Kf1 Qf4 46. Kg2 Qg5+ 47. Kf1 Kg7 48. Ke1 Qf6 49. f3 Qh4+ 0-1

[Event "Oberliga Wuerttemberg 0910"]
[Site "Wuerttemberg"]
[Date "2009.11.15"]
[Round "3.1"]
[White "Haecker, Alexander"]
[Black "Hirneise, Jens"]
[Result "1/2-1/2"]
[WhiteElo "2193"]
[BlackElo "2240"]
[PlyCount "83"]
[EventDate "2009.10.11"]
[EventType "team-tourn"]
[EventRounds "9"]
[EventCountry "GER"]
[SourceTitle "EXT 2019"]
[Source "ChessBase"]
[SourceDate "2018.10.10"]
[SourceVersion "1"]
[SourceVersionDate "2018.10.10"]
[SourceQuality "1"]
[WhiteTeam "Stuttgart Wolfbusch"]
[BlackTeam "Rommelshausen"]
[WhiteTeamCountry "GER"]
[BlackTeamCountry "GER"]

1. e4 c5 2. Nf3 d6 3. d4 cxd4 4. Nxd4 Nf6 5. Nc3 Nc6 6. Bc4 e6 7. Be3 Be7 8. Bb3 0-0 9. 0-0 Bd7 10. f4 Nxd4 11. Bxd4 Bc6 12. Qe2 b5 13. Nxb5 Bxb5 14. Qxb5 Nxe4 15. f5 d5 16. Qe2 Bf6 17. Bxf6 Qxf6 18. c4 dxc4 19. Qxe4 cxb3 20. fxe6 Qxe6 21. Qxe6 fxe6 22. axb3 Rab8 23. Rxa7 Rxb3 24. Rxf8+ Kxf8 25. Ra2 Kf7 26. Kf2 h5 27. Ke2 h4 28. Kd1 h3 29. gxh3 Rxh3 30. b4 Rb3 31. Ra4 g5 32. b5 Rxb5 33. h4 gxh4 34. Rxh4 Rb2 35. Ke1 Kf6 36. Ra4 Kf5 37. Rh4 e5 38. Ra4 Rh2 39. Rb4 e4 40. Rb3 Kf4 41. Ra3 e3 42. Ra8 1/2-1/2

[Event "Einhausen op"]
[Site "Einhausen"]
[Date "2009.??.??"]
[Round "5"]
[White "Haecker, Alexander"]
[Black "Geyer, Bernhard"]
[Result "1-0"]
[WhiteElo "2255"]
[BlackElo "2120"]
[PlyCount "101"]
[EventDate "2009.??.??"]
[EventType "swiss"]
[EventRounds "7"]
[EventCountry "GER"]
[SourceTitle "EXT 2011"]
[Source "ChessBase"]
[SourceDate "2010.11.26"]
[SourceVersion "1"]
[SourceVersionDate "2010.11.26"]
[SourceQuality "1"]

1. e4 e6 2. d4 b6 3. Nc3 Bb7 4. Nf3 Nf6 5. Bd3 d5 6. e5 Nfd7 7. Ne2 c5 8. c3 Be7 9. 0-0 Nc6 10. Be3 Qc7 11. Rc1 c4 12. Bb1 0-0-0 13. b3 f6 14. exf6 gxf6 15. Bf4 Bd6 16. Bxd6 Qxd6 17. Qd2 cxb3 18. axb3 e5 19. Ng3 e4 20. Nh4 Kb8 21. f3 Na5 22. Bc2 Rhe8 23. Rce1 Ba6 24. Rf2 exf3 25. Rxf3 Qa3 26. Rfe3 Rxe3 27. Qxe3 Bb5 28. Qe7 Qxe7 29. Rxe7 Rc8 30. Re3 Nf8 31. Nhf5 Re8 32. Kf2 Rxe3 33. Nxe3 Bc6 34. Nh5 Nd7 35. Nf4 Kc7 36. Nfxd5+ Bxd5 37. Nxd5+ Kd6 38. Ne3 Nf8 39. Kf3 Ke6 40. h4 Nb7 41. Bd3 Nd6 42. g4 h6 43. Nf5 Nxf5 44. Bxf5+ Kd5 45. Ke3 b5 46. Kd3 a5 47. c4+ bxc4+ 48. bxc4+ Kd6 49. Kc3 Ne6 50. Bxe6 Kxe6 51. h5 1-0

[Event "GER-ch Net qual2 U25"]
[Site "Playchess.com INT"]
[Date "2008.06.04"]
[Round "5"]
[White "Fiebig, Thomas"]
[Black "Haecker, Alexander"]
[Result "1-0"]
[WhiteElo "2388"]
[BlackElo "2234"]
[PlyCount "145"]
[EventDate "2008.06.04"]
[EventType "swiss (blitz)"]
[EventRounds "7"]
[EventCountry "GER"]
[SourceTitle "CBM 124 Extra"]
[Source "ChessBase"]
[SourceDate "2008.07.03"]
[SourceVersion "1"]
[SourceVersionDate "2008.07.03"]
[SourceQuality "1"]

1. e4 e6 2. d4 d5 3. Nc3 Bb4 4. e5 c5 5. Bd2 Ne7 6. f4 b6 7. Nf3 0-0 8. Nb5 Bxd2+ 9. Qxd2 Ba6 10. a4 Nbc6 11. c3 Na5 12. Qd1 f6 13. Bd3 cxd4 14. cxd4 Nc4 15. Qe2 Ng6 16. g3 fxe5 17. fxe5 Nxb2 18. Bxg6 hxg6 19. 0-0 Nc4 20. Nh4 Bxb5 21. axb5 Qg5 22. Rxf8+ Kxf8 23. Ng2 Qd2 24. Qg4 Ke7 25. Nh4 Qe3+ 26. Kg2 Qe4+ 27. Qxe4 dxe4 28. Nxg6+ Kf7 29. Nf4 Ne3+ 30. Kf2 Nc2 31. Ra4 g5 32. Nh5 Kg6 33. g4 Rd8 34. Rxa7 Nxd4 35. Rb7 Nc2 36. Ng3 e3+ 37. Kf3 Rf8+ 38. Ke4 Rf4+ 39. Kd3 Nd4 40. Rxb6 Rxg4 41. Kxe3 Nf5+ 42. Kf3 Rf4+ 43. Kg2 Nxg3 44. hxg3 Rb4 45. Rxe6+ Kf5 46. Rb6 Kxe5 47. Kh3 Kf5 48. Rb8 Rb1 49. Rf8+ Kg6 50. Rg8+ Kf5 51. g4+ Kf4 52. Rf8+ Ke4 53. Rf5 Rb3+ 54. Kg2 Rb2+ 55. Kg3 Rb3+ 56. Kf2 Rb2+ 57. Ke1 Rb3 58. Kd2 Rb1 59. Kc2 Rg1 60. Rxg5 Kf4 61. Rg6 Rg2+ 62. Kc3 Rg3+ 63. Kc4 Rg1 64. b6 Rb1 65. Kc5 Ke5 66. Kc6 Rc1+ 67. Kd7 Rb1 68. Kc7 Rc1+ 69. Kb8 Rb1 70. b7 Kd5 71. Ka7 Ra1+ 72. Ra6 Rb1 73. b8Q 1-0

[Event "GER-ch Net qual1 U25"]
[Site "Playchess.com INT"]
[Date "2008.06.01"]
[Round "2"]
[White "Kraemer, Martin"]
[Black "Haecker, Alexander"]
[Result "0-1"]
[WhiteElo "2436"]
[BlackElo "2234"]
[PlyCount "72"]
[EventDate "2008.06.01"]
[EventType "swiss (blitz)"]
[EventRounds "7"]
[EventCountry "GER"]
[SourceTitle "CBM 124 Extra"]
[Source "ChessBase"]
[SourceDate "2008.07.03"]
[SourceVersion "1"]
[SourceVersionDate "2008.07.03"]
[SourceQuality "1"]

1. d4 d5 2. c4 e6 3. Nc3 c6 4. e3 Nf6 5. Nf3 Nbd7 6. Qc2 Bd6 7. g4 h6 8. Bd2 Qe7 9. Rg1 dxc4 10. Bxc4 b5 11. Be2 Bb7 12. g5 hxg5 13. Nxg5 a6 14. Nce4 Bxh2 15. Rh1 c5 16. Bf3 Nxe4 17. Nxe4 cxd4 18. Nd6+ Qxd6 19. Bxb7 Rb8 20. Qe4 Nc5 21. Bc6+ Ke7 22. Qg2 Be5 23. Rg1 Nd3+ 24. Ke2 Nxb2 25. a3 b4 26. axb4 Nc4 27. Rgd1 d3+ 28. Kf1 Bxa1 29. Rxa1 Nxd2+ 30. Ke1 Qxb4 31. Qg5+ Kd6 32. Qg3+ Kxc6 33. Rc1+ Nc4+ 34. Kf1 d2 35. Qf3+ Kb6 36. Rd1 Nb2 0-1

[Event "Stuttgart-chA int"]
[Site "Ditzingen"]
[Date "2008.05.02"]
[Round "4"]
[White "Haecker, Alexander"]
[Black "Kunz, Konstantin"]
[Result "1/2-1/2"]
[WhiteElo "2234"]
[BlackElo "2198"]
[PlyCount "66"]
[EventDate "2008.05.01"]
[EventType "swiss"]
[EventRounds "7"]
[EventCountry "GER"]
[SourceTitle "CBM 124 Extra"]
[Source "ChessBase"]
[SourceDate "2008.07.03"]
[SourceVersion "1"]
[SourceVersionDate "2008.07.03"]
[SourceQuality "1"]

1. e4 c5 2. Nf3 e6 3. d4 cxd4 4. Nxd4 Nc6 5. Nc3 Qc7 6. Be3 a6 7. Bd3 Nf6 8. 0-0 Nxd4 9. Bxd4 Bc5 10. Bxc5 Qxc5 11. Kh1 d6 12. Qe1 e5 13. a4 0-0 14. a5 Bd7 15. f3 Be6 16. Na4 Qc7 17. Nb6 Rad8 18. c4 Nd7 19. Nxd7 Qxd7 20. Qb4 Rc8 21. Rfd1 Rc6 22. Ra4 g6 23. Qb3 Qc7 24. Rb4 Qxa5 25. Rxb7 Qc5 26. h3 h5 27. Qa4 Rfc8 28. b3 Qe3 29. Qa1 Bxh3 30. gxh3 Qxf3+ 31. Kh2 Qf2+ 32. Kh1 Qf3+ 33. Kh2 Qf2+ 1/2-1/2

[Event "Oberliga Wuerttemberg 0708"]
[Site "Wuerttemberg"]
[Date "2008.04.20"]
[Round "9.3"]
[White "Haecker, Alexander"]
[Black "Schmid, Hartmut"]
[Result "1-0"]
[WhiteElo "2234"]
[BlackElo "2240"]
[PlyCount "81"]
[EventDate "2007.10.07"]
[EventType "team-tourn"]
[EventRounds "9"]
[EventCountry "GER"]
[SourceTitle "EXT 2018"]
[Source "ChessBase"]
[SourceDate "2017.10.13"]
[SourceVersion "1"]
[SourceVersionDate "2017.10.13"]
[SourceQuality "1"]
[WhiteTeam "Wolfbusch"]
[BlackTeam "Stuttgart SF II"]
[WhiteTeamCountry "GER"]
[BlackTeamCountry "GER"]

1. e4 e5 2. Nf3 Nc6 3. Bb5 Nd4 4. Nxd4 exd4 5. 0-0 c6 6. Bc4 d6 7. f4 Be6 8. d3 g6 9. Bxe6 fxe6 10. f5 Qd7 11. fxg6 hxg6 12. Qg4 Ne7 13. Bg5 0-0-0 14. Nd2 e5 15. Qxd7+ Rxd7 16. Rf7 Bh6 17. Bxh6 Rxh6 18. Raf1 Rh8 19. Rg7 Rg8 20. Rff7 Rxg7 21. Rxg7 Kd8 22. Nf3 Ke8 23. Ng5 d5 24. g4 Rd6 25. Kg2 Rf6 26. h3 a5 27. Nf3 Re6 28. h4 Kf8 29. Rh7 dxe4 30. dxe4 c5 31. b3 b5 32. Ng5 Rf6 33. Rh8+ Kg7 34. Rb8 c4 35. Rb7 d3 36. cxd3 cxb3 37. axb3 Rd6 38. Rxe7+ Kf8 39. Rxe5 a4 40. Rxb5 a3 41. Ra5 1-0

[Event "Wuerttemberg-chA"]
[Site "Balingen"]
[Date "2006.08.28"]
[Round "3"]
[White "Hallmann, Norbert"]
[Black "Haecker, Alexander"]
[Result "0-1"]
[WhiteElo "2180"]
[BlackElo "2205"]
[PlyCount "144"]
[EventDate "2006.08.26"]
[EventType "swiss"]
[EventRounds "9"]
[EventCountry "GER"]
[SourceTitle "EXT 2007"]
[Source "ChessBase"]
[SourceDate "2006.11.23"]
[SourceVersion "1"]
[SourceVersionDate "2006.11.23"]
[SourceQuality "1"]

1. e4 e6 2. d4 d5 3. Nd2 c5 4. exd5 Qxd5 5. dxc5 Bxc5 6. Ngf3 Nf6 7. Bc4 Qd6 8. Qe2 Nc6 9. 0-0 Qc7 10. Ne4 Be7 11. Nc3 a6 12. a4 0-0 13. Bg5 b6 14. Ne4 Bb7 15. Ng3 Nb4 16. Bb3 Nbd5 17. Ne5 h6 18. Bd2 Bd6 19. Rfe1 Rfd8 20. f4 Rac8 21. Nh5 Qe7 22. Rad1 Nxh5 23. Qxh5 Qf6 24. Rf1 Bc5+ 25. Kh1 Rc7 26. c3 Ne7 27. Bc1 Rcc8 28. Bc2 Nf5 29. Nd7 Qe7 30. Nxc5 bxc5 31. Bxf5 exf5 32. Rxd8+ Rxd8 33. Rd1 Re8 34. h3 Qe4 35. Rg1 Qc2 36. Qd1 Bxg2+ 37. Kh2 Be4+ 38. Qxc2 Bxc2 39. Rg2 Bxa4 40. b4 cxb4 41. cxb4 Re4 42. Bb2 g6 43. Rd2 Kh7 44. Be5 g5 45. Kg3 Rxb4 46. Rd6 Bb5 47. Rf6 Rb3+ 48. Kg2 Bc4 49. fxg5 hxg5 50. Rxf5 Kg6 51. Rf6+ Kh5 52. Rd6 a5 53. Kh2 Be6 54. Ra6 Rxh3+ 55. Kg2 Ra3 56. Bd6 Ra2+ 57. Kg3 f5 58. Kf3 Bd5+ 59. Ke3 Kg4 60. Be7 Bc4 61. Ra7 Re2+ 62. Kd4 Bb3 63. Kc3 a4 64. Bd8 Re8 65. Bf6 Kf4 66. Rh7 g4 67. Kd3 a3 68. Rb7 Bd5 69. Rb4+ Kf3 70. Kd2 a2 71. Rd4 Re2+ 72. Kd3 a1Q 0-1

[Event "Wuerttemberg-chA"]
[Site "Balingen"]
[Date "2006.08.27"]
[Round "2"]
[White "Haecker, Alexander"]
[Black "Schuster, Gerhard"]
[Result "1-0"]
[WhiteElo "2205"]
[BlackElo "2071"]
[PlyCount "78"]
[EventDate "2006.08.26"]
[EventType "swiss"]
[EventRounds "9"]
[EventCountry "GER"]
[SourceTitle "EXT 2007"]
[Source "ChessBase"]
[SourceDate "2006.11.23"]
[SourceVersion "1"]
[SourceVersionDate "2006.11.23"]
[SourceQuality "1"]

1. e4 c6 2. d4 d5 3. Nc3 dxe4 4. Nxe4 Nd7 5. Nf3 Ngf6 6. Nxf6+ Nxf6 7. Ne5 Be6 8. Be2 g6 9. 0-0 Bg7 10. c4 0-0 11. Be3 Qc7 12. f4 Bf5 13. b4 e6 14. Qb3 Be4 15. a4 b6 16. b5 c5 17. dxc5 bxc5 18. Rad1 Rfd8 19. Bf2 Rac8 20. Bf3 Qb7 21. Rxd8+ Rxd8 22. Bxc5 Nh5 23. Nc6 Bxf3 24. Qxf3 Rd7 25. Bxa7 Rd2 26. Bc5 Qd7 27. Ne5 Qd8 28. b6 Bf8 29. Be3 Rb2 30. c5 Rb3 31. Qe2 Qd5 32. Rc1 Qe4 33. Kf2 Nxf4 34. Bxf4 Qxf4+ 35. Nf3 Qxc1 36. a5 Rb2 37. b7 Bxc5+ 38. Kg3 Rxe2 39. b8Q+ Kg7 1-0